| 000 | 00936nam a2200229 u 4500 | ||
|---|---|---|---|
| 005 | 20240315063656.0 | ||
| 008 | 190912s2002 r 000 0 eng d | ||
| 020 | _a9701863380 | ||
| 035 | _aUPN01000232834 | ||
| 049 | _aLTG | ||
| 050 | 4 |
_aLB2002 A1 _bE8.63 |
|
| 245 | 0 | 0 |
_aEspañol y su enseñanza I y II : _bprogramas y materiales de apoyo para el estudio : licenciatura en educación primaria : segundo y tercer semestres / _ccoord. Esteban Manteca Aguirre. |
| 260 |
_aMéxico : _bSEP, _c2002. |
||
| 300 |
_a190 p. : _bil. |
||
| 440 | 0 | _aPrograma para la Transformación y el Fortalecimiento Académicos de las Escuelas Normales | |
| 650 | 4 |
_aEducación normal _zMéxico _vPlanes y programas _912330 |
|
| 650 | 4 |
_aEspañol _xEstudio y enseñanza _97357 |
|
| 700 | 1 |
_aManteca Aguirre, Esteban, _ecoord. _932675 |
|
| 710 | 1 |
_aMéxico. _bSubsecretaría de Educación Básica y Normal _927954 |
|
| 905 | _aLibro | ||
| 999 |
_c204929 _d204929 |
||